| 000 | 00804 a2200205 4500 | ||
|---|---|---|---|
| 020 | _a0750306068 | ||
| 020 | _a9780750306065 | ||
| 082 | 0 | 4 | _a516.36 |
| 090 |
_c231 _d231 |
||
| 100 | 1 | _aNakahara, Mikio. | |
| 245 | 1 | 0 |
_aGeometry, topology and physics, second edition / _cMikio Nakahara. |
| 250 | _a2nd ed. | ||
| 260 |
_a[S.l.] : _bTaylor & Francis, _c2003. |
||
| 300 |
_a596 p. ; _c23 cm. |
||
| 490 | 1 | _aGraduate student series in physics. | |
| 830 | 0 | _aGraduate student series in physics. | |
| 942 |
_aSNS _cBK _k516.36 NAK |
||
| 999 |
_c28867 _d28867 |
||